Carregando...

An Introduction to Syntax

This book is an engaging introduction to Syntax.

Detalhes bibliográficos
Autor principal: Van Valin, Robert D.
Formato: Printed Book
Publicado em: Uk: cambridge University Press, 2001.
Assuntos:
LEADER 00632nam a22001697a 4500
020 |a 0-521-63566-7 
082 |a 415 
100 |a Van Valin, Robert D. 
245 |a An Introduction to Syntax 
260 |a Uk:  |b cambridge University Press,  |c 2001. 
300 |a xvi, 239p. : 
504 |a Includes Bibliographical References and Index. 
520 |a This book is an engaging introduction to Syntax. 
650 |a Grammar, Comparative and General - Syntax 
942 |c BK 
999 |c 301503  |d 301503 
952 |0 0  |1 0  |4 0  |6 415_000000000000000_VAN  |7 0  |9 322056  |a LIN  |b LIN  |d 2020-10-05  |l 1  |o 415 VAn  |p LIN8775  |q 2020-11-25  |r 2020-11-11  |s 2020-11-11  |w 2020-10-05  |y BK